Online Catalogue and eLibrary

Red light traffic : (Record no. 2924)

MARC details
000 -LEADER
fixed length control field 00404nam a2200169Ia 4500
005 - DATE AND TIME OF LATEST TRANSACTION
control field 20240808010727.0
008 - FIXED-LENGTH DATA ELEMENTS--GENERAL INFORMATION
fixed length control field 240331s9999 xx 000 0 und d
082 ## - DDC Classification
Item Number - Author Mark RED
Class No. 306.37
245 #0 - TITLE STATEMENT
Title Red light traffic :
Remainder of title The trade in Nepali girls
260 ## - PUBLICATION, DISTRIBUTION, ETC.
Place of publication, distribution, etc. Nepal
Name of publisher, distributor, etc. ABC/ Nepal
300 ## - PHYSICAL DESCRIPTION
Extent (e.g. Volumes, Pages etc.) 66 p .,
650 ## - SUBJECT ADDED ENTRY--TOPICAL TERM
Topical term or geographic name entry element Social
650 ## - SUBJECT ADDED ENTRY--TOPICAL TERM
Topical term or geographic name entry element Women
650 ## - SUBJECT ADDED ENTRY--TOPICAL TERM
Topical term or geographic name entry element Sex
700 ## - ADDED ENTRY--PERSONAL NAME
Personal name Annamanthodo,P.
Relator term (Role) Editor
942 ## - Koha item type (Biblio)
Koha item type Books in Stacks (Lending)
Holdings
Lost status Damaged status Collection code Home library Current library Shelving location Date acquired Full call number Accession Number Item type
    Lending WERC Library WERC Library Social Science Cupboard 03/31/2024 362.8 RED 2086 Books in Stacks (Lending)

© WERC Library